000
00315nam a2200121Ia 4500
008
220204s9999 xx 000 0 und d
082
_a
334(540)
_b
HOU
100
_a
HOUGH, E M
245
0
_a
Cooperative movement in India
260
_a
Bombay
_b
Oxford Univ Press
_c
1960
650
_a
Cooperative movement
942
_c
BK
999
_c
19996
_d
19996